Paris sur l'homme

Na minha lista:
Detalhes bibliográficos
Autor principal: Jungk, Robert
Formato: Livro
Idioma:Undetermined
Publicado em: Paris Editions Robert Laffont 1973
Assuntos:
Tags: Adicionar Tag
Sem tags, seja o primeiro a adicionar uma tag!
Thư viện lưu trữ: Trung tâm Học liệu Trường Đại học Cần Thơ
LEADER 00471nam a2200181Ia 4500
001 CTU_78357
008 210402s9999 xx 000 0 und d
082 |a 303.4 
082 |b J95 
100 |a Jungk, Robert 
245 0 |a Paris sur l'homme 
245 0 |c Robert Jungk 
260 |a Paris 
260 |b Editions Robert Laffont 
260 |c 1973 
650 |a Industrial production 
650 |x Social aspects 
980 |a Trung tâm Học liệu Trường Đại học Cần Thơ